| 000 | 00642nam a2200241Ia 4500 | ||
|---|---|---|---|
| 008 | 160517s9999 xx 000 0 und d | ||
| 050 | _aTR 897.5 | ||
| 050 | _b.As798 2016 | ||
| 100 | _aAsada, Unoo. | ||
| 245 | _aTomy tale : | ||
| 245 | _bdevelopment of educational stop-motion animation / | ||
| 245 | _cUnoo Asada. | ||
| 260 | _aLas PiƱas, Philippines : | ||
| 260 | _bSISC, | ||
| 260 | _c2016 | ||
| 300 | _a105 pages : | ||
| 300 | _billustrations ; | ||
| 300 | _c28 cm. | ||
| 500 | _aIncludes bibliographical references and appendices. | ||
| 521 | _aMedia Arts | ||
| 650 | _aStop-motion animation films. | ||
| 942 | _cTH | ||
| 999 |
_c293887 _d293887 |
||